| 000 | 01251nam a2200313Ia 4500 | ||
|---|---|---|---|
| 001 | ebr10278038 | ||
| 003 | CaPaEBR | ||
| 006 | m u | ||
| 007 | cr cn||||||||| | ||
| 008 | 910326s1991 nyu sb 001 0 eng d | ||
| 010 | _z 90031135 | ||
| 020 | _z9780195083699 | ||
| 020 | _z9786610540006 | ||
| 040 |
_aCaPaEBR _cCaPaEBR |
||
| 035 | _a(OCoLC)252609983 | ||
| 050 | 1 | 4 |
_aBT75.B286 _bH85 1991eb |
| 100 | 1 | _aHunsinger, George. | |
| 245 | 1 | 0 |
_aHow to read Karl Barth _h[electronic resource] : _bthe shape of his theology / _cGeorge Hunsinger. |
| 260 |
_aNew York ; _aOxford : _bOxford University Press, _c1991. |
||
| 300 | _axv, 298 p. | ||
| 504 | _aIncludes bibliographical references (p. 281-293) and index. | ||
| 533 |
_aElectronic reproduction. _bPalo Alto, Calif. : _cebrary, _d2009. _nAvailable via World Wide Web. _nAccess may be limited to ebrary affiliated libraries. |
||
| 600 | 1 | 0 |
_aBarth, Karl, _d1886-1968. _tKirchliche Dogmatik. |
| 650 | 0 |
_aTheology _xMethodology. |
|
| 650 | 0 |
_aTruth _xReligious aspects _xChristianity. |
|
| 655 | 7 |
_aElectronic books. _2local |
|
| 710 | 2 | _aebrary, Inc. | |
| 856 | 4 | 0 |
_uhttp://site.ebrary.com/lib/rucke/Doc?id=10278038 _zAn electronic book accessible through the World Wide Web; click to view |
| 999 |
_c4164 _d4164 |
||